Chế độ kế toán doanh nghiệp Ban hành theo thông tư số 200/2014/TT-BTC và thông tư số 202/TT-BTC ngày 22/12/2014 của Bộ tài chính Tập 2 Báo cáo tài chính chứng từ và sổ kế toán :

Nội dung của quyển sách bao gồm danh mục, biểu mẫu, phương pháp lập cáo cáo tài chính, phương pháp ghi chép chứng từ kế toán, phương pháp ghi sổ kế toán, phương pháp lập và trình bày báo cáo tài chính hợp nhất....

وصف كامل

محفوظ في:
التفاصيل البيبلوغرافية
مؤلفون آخرون: Minh Ngọc (Tập hợp, biên soạn)
التنسيق: كتاب
اللغة:Vietnamese
منشور في: H. Lao động 2015
الموضوعات:
الوسوم: إضافة وسم
لا توجد وسوم, كن أول من يضع وسما على هذه التسجيلة!
Thư viện lưu trữ: Thư viện Trường Đại học Nam Cần Thơ
LEADER 01422nam a22002057a 4500
001 NCT_135603
008 220609b xxu||||| |||| 00| 0 vie d
999 |c 7001  |d 7001 
020 |a 9786045938669  |c 150000 
082 4 0 |2 23rd ed.  |a 657  |b Ch250Đ/T.2 
245 0 0 |a Chế độ kế toán doanh nghiệp  |n Tập 2  |p Báo cáo tài chính chứng từ và sổ kế toán :  |b Ban hành theo thông tư số 200/2014/TT-BTC và thông tư số 202/TT-BTC ngày 22/12/2014 của Bộ tài chính 
260 |a H.  |b Lao động  |c 2015 
300 |a 566 tr.  |c 24cm 
520 3 |a Nội dung của quyển sách bao gồm danh mục, biểu mẫu, phương pháp lập cáo cáo tài chính, phương pháp ghi chép chứng từ kế toán, phương pháp ghi sổ kế toán, phương pháp lập và trình bày báo cáo tài chính hợp nhất. 
653 |a Kế toán 
700 |a Minh Ngọc  |e Tập hợp, biên soạn 
942 |2 ddc  |c BK 
952 |0 0  |1 0  |2 ddc  |4 0  |6 657_000000000000000_CH250Đ_T_2  |7 0  |9 24938  |a 000001  |b 000001  |d 2022-06-09  |o 657 Ch250Đ/T.2  |p MD.19585  |r 2022-06-09  |v 150000.00  |w 2022-06-09  |y BK 
952 |0 0  |1 0  |2 ddc  |4 0  |6 657_000000000000000_CH250Đ_T_2  |7 0  |9 24939  |a 000001  |b 000001  |d 2022-06-09  |o 657 Ch250Đ/T.2  |p MD.19586  |r 2022-06-09  |v 150000.00  |w 2022-06-09  |y BK 
980 |a Thư viện Trường Đại học Nam Cần Thơ